000 00644nam a2200217Ia 4500
003 GCL
008 140319s9999 xx 000 0 ara d
020 _a9362215977
040 _aGCL /
_cGCL
082 0 4 _a111.85
_bأ م
100 1 _aاميرة حلمى مطر
245 1 0 _aمقدمة فى علم الجمال وفلسفة الفن /
_cاميرة حلمى مطر
250 _aالثالثة
300 _a151 ص ؛
_c24 سم
650 0 4 _aالنقد
650 0 4 _aالفلسفة الحديثة
650 0 4 _aعلم النفس الجمالى
650 0 4 _aالجمال - علم
650 0 4 _aالفن - فلسفة
942 _2ddc
_cBK
999 _c4929
_d4929